|
|
|
|
| LEADER |
00000nam a2200000 a 4500 |
| 001 |
vtls001065445 |
| 003 |
SK-MaSNL |
| 005 |
20260302063737.0 |
| 008 |
240226s1991 xo g d 000 0 slo |
| 015 |
|
|
|a SNBA1991/08
|
| 020 |
|
|
|a 8071150207
|q (brož.)
|
| 035 |
|
|
|a SNK000008275
|
| 035 |
|
|
|a urn:nbn:sk:snk-am3hs4z
|
| 035 |
|
|
|a 14765609-86AA-4770-986F-7E3301453DC8
|
| 035 |
|
|
|a urn:nbn:sk:snk-am00d7c8
|
| 040 |
|
|
|a SNK
|b slo
|c SNK
|e AACR2
|
| 041 |
0 |
|
|a slo
|
| 044 |
|
|
|a xo
|c SK
|
| 080 |
|
|
|a 801.321.1:808.54-086.2
|2 1981
|
| 080 |
|
|
|a 808.54-086.2
|2 1981
|
| 080 |
|
|
|a 81`276.2
|2 2001
|
| 080 |
|
|
|a (038)
|2 2001
|
| 245 |
0 |
0 |
|a Najkratší slovník slovenského jazyka
|c [zostavil] Anton Zelený
|
| 250 |
|
|
|a 1. vyd.
|
| 260 |
|
|
|a Bratislava
|b Archa
|c 1991
|e Žilina
|f Danubiaprint
|
| 300 |
|
|
|a 80 s.
|c 15 cm
|
| 490 |
1 |
|
|a "off line"
|
| 650 |
0 |
7 |
|a vulgarizmy
|2 SNKPH
|9 78317
|
| 650 |
0 |
7 |
|a Obscene words
|2 SNKPeng
|9 326719
|
| 655 |
|
7 |
|a výkladové slovníky
|2 SNKPH
|9 69007
|
| 700 |
1 |
|
|a Zelený, Anton
|4 com
|9 725361
|
| 830 |
|
0 |
|a "off line"
|9 725362
|
| 852 |
|
|
|a Akadémia umení v Banskej Bystrici
|
| 919 |
|
|
|a 80-7115-020-7
|
| 958 |
|
|
|a TL
|
| 958 |
|
|
|a SV
|
| 999 |
|
|
|c 1133813
|d 1135743
|
| 952 |
|
|
|t P60, <04>, [BOOK], {604}
|a SNK
|b SNK
|y VYP
|7 0
|p 17A0390006
|o snkSE 8170 D1
|0 0
|1 0
|4 0
|d 1999-01-27
|l 0
|r 2004-12-31 00:00:00
|w 2026-02-24
|
| 952 |
|
|
|a SNK
|b SNK
|y PREZ
|7 0
|p 17A0786554
|o snkSE 8170
|0 0
|1 0
|4 0
|d 2012-01-24
|f 1
|l 0
|r 2026-02-24 19:10:31
|w 2026-02-24
|